|
|
|
|
| LEADER |
01217nam a2200337Ia 4500 |
| 001 |
EBC254844 |
| 003 |
MiAaPQ |
| 005 |
20200520144314.0 |
| 006 |
m o d | |
| 007 |
cr cn||||||||| |
| 008 |
050614s2005 mau s 000 0 eng d |
| 020 |
|
|
|z 9780080488974
|
| 020 |
|
|
|z 1597490377 (pbk.)
|
| 035 |
|
|
|a (MiAaPQ)EBC254844
|
| 035 |
|
|
|a (Au-PeEL)EBL254844
|
| 035 |
|
|
|a (CaPaEBR)ebr10110270
|
| 035 |
|
|
|a (CaONFJC)MIL103561
|
| 035 |
|
|
|a (OCoLC)64187864
|
| 040 |
|
|
|a MiAaPQ
|c MiAaPQ
|d MiAaPQ
|
| 050 |
|
4 |
|a HD69.P75
|b S665 2005x
|
| 082 |
0 |
4 |
|a 658
|2 22
|
| 100 |
1 |
|
|a Snedaker, Susan.
|
| 245 |
1 |
0 |
|a How to cheat at IT project management
|h [electronic resource] /
|c Susan Snedaker.
|
| 260 |
|
|
|a Rockland, Mass. :
|b Syngress ;
|a Oxford :
|b Elsevier Science [distributor],
|c 2005.
|
| 300 |
|
|
|a xxvi, 565 p.
|
| 533 |
|
|
|a Electronic reproduction. Ann Arbor, MI : ProQuest, 2015. Available via World Wide Web. Access may be limited to ProQuest affiliated libraries.
|
| 650 |
|
0 |
|a Information technology
|x Management.
|
| 650 |
|
0 |
|a Project management.
|
| 655 |
|
4 |
|a Electronic books.
|
| 710 |
2 |
|
|a ProQuest (Firm)
|
| 856 |
4 |
0 |
|u https://ebookcentral.proquest.com/lib/matrademy/detail.action?docID=254844
|z Click to View
|